| 000 | 00873cam a22002533a 4500 | ||
|---|---|---|---|
| 001 | 13817 | ||
| 003 | PGUSA | ||
| 005 | 20140828083309.0 | ||
| 008 | 041020s2004||||xxu|||||s|||||000 1 eng d | ||
| 040 |
_aPGUSA _beng |
||
| 042 | _adc | ||
| 050 | 4 | _aPZ | |
| 100 | 1 | _aStead, Richard | |
| 245 | 1 | 0 |
_aWith Marlborough to Malplaquet : _bA Story of the Reign of Queen Anne _h[electronic resource] / _cRichard Stead |
| 260 |
_bProject Gutenberg, _c2004 |
||
| 506 | _aPublic domain in the USA. | ||
| 516 | _aElectronic text | ||
| 653 | _aGreat Britain -- History -- Anne, 1702-1714 -- Juvenile fiction | ||
| 653 | _aMalplaquet, Battle of, Malplaquet, France, 1709 -- Juvenile fiction | ||
| 653 | _aMarlborough, John Churchill, Duke of, 1650-1722 -- Juvenile fiction | ||
| 830 | 0 |
_aProject Gutenberg _v13817 |
|
| 856 | 4 | 0 | _uhttp://www.gutenberg.org/ebooks/13817 |
| 942 | _cEB | ||
| 999 |
_c243072 _d243072 |
||